Tô Hoài tác phẩm văn học được giải thưởng Hồ Chí Minh

Gardado en:
Detalles Bibliográficos
Autor Principal: Tô Hoài
Formato: Libro
Idioma:Undetermined
Publicado: Hà Nội Văn học 2005
Những chủ đề:
Các nhãn: Engadir etiqueta
Sen Etiquetas, Sexa o primeiro en etiquetar este rexistro!
Thư viện lưu trữ: Trung tâm Học liệu Trường Đại học Cần Thơ
LEADER 00568nam a2200193Ia 4500
001 CTU_102859
008 210402s9999 xx 000 0 und d
082 |a 895.922331 
082 |b T450/Q.2 
100 |a Tô Hoài 
245 0 |a Tô Hoài tác phẩm văn học được giải thưởng Hồ Chí Minh 
245 0 |c Tô Hoài 
260 |a Hà Nội 
260 |b Văn học 
260 |c 2005 
650 |a Vietnamese literature 
650 |y 20th century 
904 |i Hiếu 
980 |a Trung tâm Học liệu Trường Đại học Cần Thơ